|
|
|
|
| LEADER |
00788cam a2200229 7i4500 |
| 001 |
0000055931 |
| 005 |
20140630090000.0 |
| 008 |
080504s2001 coua eng |
| 020 |
# |
# |
|a 9780891082712
|
| 020 |
# |
# |
|a 0891082719
|
| 090 |
0 |
0 |
|a HF 5382.5 .U5
|b B5 2001
|
| 100 |
1 |
# |
|a Blocher, Donald H.
|
| 245 |
1 |
0 |
|a Career planning for the 21st century
|c by Donald H. Blocher, Mary Heppner, Joe Johnston.
|
| 250 |
# |
# |
|a 2nd ed..
|
| 260 |
# |
# |
|a Denver, Colo.:
|b Love Pub.,
|c 2001.
|
| 300 |
# |
# |
|a x, 230 p.;
|c 28 cm..
|
| 590 |
# |
# |
|a Pusat Pengajian Pembangunan Sosial dan Ekonomi
|
| 650 |
0 |
0 |
|a Vocational guidance --
|z United States
|
| 650 |
0 |
0 |
|a Career development --
|z United States
|
| 700 |
1 |
1 |
|a Johnston, Joe
|
| 700 |
1 |
1 |
|a Heppner, Mary J.
|
| 999 |
|
|
|a 1100056321
|b Book
|c Open Shelf
|e KOLEKSI TERBUKA
|